Tilastot visalle Kaupunkivisat - Oulu

Klikkaa tästä pelataksesi tätä visaa!

Yleistilastot

  • Tätä visaa on pelattu 58 kertaa
  • Keskiarvotulos 25 / 43

Vastaustilastot

HintVastaus% Oikein
naapurikunta pohjoisessaIi
98%
naapurikunnat etelässä
(mainitse yksi)
Kempele
Liminka
Tyrnävä
98%
kuntaliitokset
(mainitse yksi entinen kunta)
Oulujoki
Ylikiiminki
Haukipudas
Kiiminki
Oulunsalo
Yli-Ii
95%
jääkiekkoseuraOulun Kärpät
93%
Oulu perustettiin ___-luvulla
(vuosisata)
1600
88%
naapurikunnat kaakossa
(mainitse yksi)
Utajärvi
Muhos
88%
keskustan kauppakeskus
Kauppakeskus Valkea
Kauppakortteli Pekuri
86%
Oulu on Suomen ____ suurin kuntaviidenneksi
86%
sanomalehtiKaleva
83%
Oulun läpi kulkeva tieNelostie
83%
naapurikunta koillisessaPudasjärvi
81%
virkistys- ja matkailualue HietasaaressaNallikari
79%
Suomen ensimmäinen tiedekeskusTietomaa
79%
"kauppahallin eessä se äljöttää"Toripolliisi
79%
suurin puolue Oulun kaupunginvaltuustossa v. 2021
(mainitse toinen)
Keskusta
Kokoomus
74%
katujunaPotnapekka
71%
kävelykatuRotuaari
71%
Oulu 2026kulttuuripääkaupunki
67%
koulu, jossa on opiskellut kolme Suomen presidenttiäOulun lyseon lukio
67%
mainitse yksi ruoka
(pitäjäruoka tai muu Ouluun liitetty)
känkky
kärkkäri
lohisoppa
makiajuusto
rössypottu
64%
nimeä yksi järvi
Kuivasjärvi
Niilesjärvi
Pyykösjärvi
Valkiaisjärvi
64%
em. joukkueen kotihalliOulun Energia Areena
64%
laskettelukeskusRuskotunturi
64%
kivikauden keskus Yli-IissäKierikki
60%
Kauko Röyhkän kappaleesta nimensä
saanut graffiti
Paska kaupunni
60%
Suomen presidentti, joka toimi opettajana OulussaMartti Ahtisaari
57%
Oulun keskeinen vientituote 1800-luvullaterva
57%
jalkapalloseuraAC Oulu
55%
näytelmä, jonka esittämisestä
kilpaillaan marras-joulukuussa
tiernapojat
50%
oululaisten virkistyspaikka 1860-luvulta lähtienHupisaaret
48%
mainitse yksi museo
Merimiehenkotimuseo
Oulun Automuseo
Oulun taidemuseo
Pateniemen sahan museo
Pohjois-Pohjanmaan museo
Turkansaaren ulkomuseo
43%
pesäpalloseuraOulun Lippo
43%
ojaPlaanaoja
38%
Koskikeskuksen ruutukaavan suunnitteli ...Alvar Aalto
33%
"Letkunpuisto"Otto Karhin puisto
24%
mieskirjailija
(mainitse yksi)
V. A. Koskenniemi
Jorma Kurvinen
Samuli Paulaharju
Hannu Väisänen
Kauko Röyhkä
Ari Paulow
Teuvo Pakkala
Joni Skiftesvik
Paavo Rintala
21%
Ouluun v. 1958 perustettu kouluOulun yliopisto
19%
vuosittain Oulussa järjestettävä urheilutapahtuma
(mainitse yksi)
Oulun juoksu
Terwahiihto
Terwahölkkä
Terwamaraton
17%
naiskirjailija
(mainitse yksi)
Sara Wacklin
Mimmi Bergh
Fredrika Pietilä
Anu Kaipainen
Anna-Maija Ylimaula
Sinikka Laine
Pauliina Rauhala
Pauliina Vanhatalo
Inga Röning
14%
Keskusta tuhoutui tulipalossa v. 1822.
Uuden ruutukaavan suunnitteli ...
Carl Ludvig Engel
12%
EU-alueen pohjoisin ammattisinfoniaorkesteriOulu Sinfonia
12%
Oulun perustajaKaarle IX
2%
Oulussa toimi vuosina 1881-2007varuskunta
2%

Tulosjakauma

Persentiili vastausten määrän mukaan

Jokaisen tuloksen saaneiden osuus

Tuloshistoriasi

Et ole pelannut tätä visaa